004350000a22001570004500003001100000005001700011008004100028020001500069040003900084041000800123082001300131100002200144245006400166260003900230300000800269LK-CoMWRAF20230902225119.0230817t2003 ||||| |||| 00| 0 eng d a8178981033 aLK-CoMWRAFdLK-CoMWRAFeLK-CoMWRAF aeng a823bKHA aKhan, Saniyasnain aThe Sleepers in the cave :bQuran stories for little hearts aNew Delhi :bGoodword books,c2003 a23p